Dev D / (Record no. 55921)

MARC details
000 -LEADER
fixed length control field 03491nam a22004577a 4500
005 - DATE AND TIME OF LATEST TRANSACTION
control field 2011082407117.0
006 - FIXED-LENGTH DATA ELEMENTS--ADDITIONAL MATERIAL CHARACTERISTICS--GENERAL INFORMATION
fixed length control field a|||||r|||||00| 0
007 - PHYSICAL DESCRIPTION FIXED FIELD--GENERAL INFORMATION
fixed length control field vc av zk
008 - FIXED-LENGTH DATA ELEMENTS--GENERAL INFORMATION
fixed length control field 110824t xxu||||| |||| 00| 0 eng d
010 ## - LIBRARY OF CONGRESS CONTROL NUMBER
LC control number DVD-008057-063
024 ## - OTHER STANDARD IDENTIFIER
Standard number or code DHIF 1665S 1685
Terms of availability 149.00
028 ## - PUBLISHER NUMBER
Source Pioneers Office Automation
035 ## - SYSTEM CONTROL NUMBER
System control number DVD-008057-063
040 ## - CATALOGING SOURCE
Original cataloging agency DPL
Transcribing agency DPL
082 ## - DEWEY DECIMAL CLASSIFICATION NUMBER
Classification number DVD / DEVD
245 ## - TITLE STATEMENT
Title Dev D /
Statement of responsibility, etc written by Saratchandra Chatterjee (novel), Abhay Deol (concept), and 2 more credits ; directed by Anurag Kashyap; produced by Ronnie Screwvala; music by Amit Trivedi
Medium (Videorecording) DVD
260 ## - PUBLICATION, DISTRIBUTION, ETC. (IMPRINT)
Place of publication, distribution, etc New Delhi
Name of publisher, distributor, etc Moser Baer Entertainment
Date of publication, distribution, etc p2010.
300 ## - PHYSICAL DESCRIPTION
Extent 1 videodisc DVD
Other physical details sd., col.
Dimensions 4 3/4 in.
Type of unit DVD
440 ## - SERIES STATEMENT/ADDED ENTRY--TITLE
9 (RLIN) 33486
500 ## - GENERAL NOTE
General note Hindi movies
500 ## - GENERAL NOTE
General note Summary from IMDB.com
500 ## - GENERAL NOTE
General note 2 pre recorded DVD
505 ## - FORMATTED CONTENTS NOTE
Formatted contents note Abhay Deol, Mahie Gill and Kalki Koechlin
520 ## - SUMMARY, ETC.
Summary, etc Dev who, after spurning Paro's love due to a misunderstanding, turns to drugs and vodka for solace. Paro moves on but Dev still is in remorse. He meets Chanda, a prostitute with problems of her own. Dev likes her but his penchant for self-destruction prevents him and Chanda from truly getting together. He also meets sleazy people like Chunni, Chanda's pimp who drags Dev further into self-destruction to further his own needs.
538 ## - SYSTEM DETAILS NOTE
System details note Digital sound: 5.1, NTSC all region, with english subtitles
650 ## - SUBJECT ADDED ENTRY--TOPICAL TERM
Topical term or geographic name as entry element Motion picture
9 (RLIN) 33495
700 ## - ADDED ENTRY--PERSONAL NAME
Personal name Chatterjee, Saratchandra
9 (RLIN) 33504
700 ## - ADDED ENTRY--PERSONAL NAME
Personal name Deol, Abhay
9 (RLIN) 33527
700 ## - ADDED ENTRY--PERSONAL NAME
Personal name Screwvala, Ronnie
9 (RLIN) 33587
700 ## - ADDED ENTRY--PERSONAL NAME
Personal name Amit Trivedi
9 (RLIN) 33536
856 ## - ELECTRONIC LOCATION AND ACCESS
Uniform Resource Identifier <a href="http://www.imdb.com/title/tt0053706/">http://www.imdb.com/title/tt0053706/</a>
942 ## - ADDED ENTRY ELEMENTS (KOHA)
Source of classification or shelving scheme Dewey Decimal Classification
Item type CD-ROMs, DVDs, VHS
Classification part DVD
Call number suffix DEVD
Holdings
Withdrawn status Lost status Source of classification or shelving scheme Damaged status Not for loan Collection code Home library Current library Date acquired Source of acquisition Cost, normal purchase price Total Checkouts Full call number Barcode Date last seen Date last borrowed Copy number Cost, replacement price Price effective from Koha item type Total Renewals Public note
    Dewey Decimal Classification     Fiction Central Library Central Library 24/08/2011 Pioneers Office Automation/157/19.5.11/295/28.3.11/14.7.11 149.00 6 DVD DEVD DVD-008057 10/05/2013 28/03/2013 1 149.00 24/08/2011 CD-ROMs, DVDs, VHS    
    Dewey Decimal Classification     Fiction Janak Puri Janak Puri 24/08/2011 Pioneers Office Automation/157/19.5.11/295/28.3.11/14.7.11 149.00 8 DVD DEVD DVD-008059 08/11/2012 11/10/2012 1 149.00 24/08/2011 CD-ROMs, DVDs, VHS 1 Rs-149/=,RC No. 94/070,dt-1-8-2012
    Dewey Decimal Classification     Fiction Karol Bagh Karol Bagh 24/08/2011 Pioneers Office Automation/157/19.5.11/295/28.3.11/14.7.11 149.00 5 DVD DEVD DVD-008063 21/06/2013 01/06/2013 1 149.00 24/08/2011 CD-ROMs, DVDs, VHS    
    Dewey Decimal Classification     Fiction Patel Nagar Patel Nagar 24/08/2011 Pioneers Office Automation/157/19.5.11/295/28.3.11/14.7.11 149.00 2 DVD DEVD DVD-008058 24/10/2019 13/04/2012 1 149.00 24/08/2011 CD-ROMs, DVDs, VHS    
    Dewey Decimal Classification     Fiction R.K.Puram-8 R.K.Puram-8 24/08/2011 Pioneers Office Automation/157/19.5.11/295/28.3.11/14.7.11 149.00 3 DVD DEVD DVD-008061 14/01/2019 10/01/2019 1 149.00 24/08/2011 CD-ROMs, DVDs, VHS 1  
    Dewey Decimal Classification     Fiction Sarojini Nagar Sarojini Nagar 24/08/2011 Pioneers Office Automation/157/19.5.11/295/28.3.11/14.7.11 149.00 16 DVD DEVD DVD-008060 12/06/2014 08/05/2014 1 149.00 24/08/2011 CD-ROMs, DVDs, VHS 3  
    Dewey Decimal Classification     Fiction Vinoba Puri Vinoba Puri 24/08/2011 Pioneers Office Automation/157/19.5.11/295/28.3.11/14.7.11 149.00 4 DVD DEVD DVD-008062 20/06/2018 11/06/2018 1 149.00 24/08/2011 CD-ROMs, DVDs, VHS 1  

© Delhi Public Library
Hit Counter
free hit counter